LIBRARY & INFORMATION CENTRE, KCAET, TAVANUR

ONLINE PUBLIC ACCESS CATALOGUE (OPAC)

Study of water and impact energy distribution pattern of selected sprinkler heads (Record no. 15339)

MARC details
000 -LEADER
fixed length control field 00561nam a22001817a 4500
082 ## - DEWEY DECIMAL CLASSIFICATION NUMBER
Classification number 631.7
Item number JOS/ST
100 ## - MAIN ENTRY--AUTHOR NAME
Personal name JOSHI, GEMINI
245 ## - TITLE STATEMENT
Title Study of water and impact energy distribution pattern of selected sprinkler heads
260 ## - PUBLICATION, DISTRIBUTION, ETC. (IMPRINT)
Place of publication Tavanur
Name of publisher Kelappaji College of Agricultural Engineering and Technology
Year of publication 1991
300 ## - PHYSICAL DESCRIPTION
Number of Pages 110
500 ## - GENERAL NOTE
General note project report
520 ## - SUMMARY, ETC.
Summary, etc project report
650 ## - SUBJECT ADDED ENTRY--TOPICAL TERM
Topical Term project report
700 ## - ADDED ENTRY--PERSONAL NAME
Personal name Preethi, K. P
700 ## - ADDED ENTRY--PERSONAL NAME
Personal name Shreemat Shrestha
700 ## - ADDED ENTRY--PERSONAL NAME
Personal name Shyla Josheph
942 ## - ADDED ENTRY ELEMENTS (KOHA)
Koha item type Project Report
Holdings
Withdrawn status Lost status Damaged status Home library Current library Date acquired Full call number Accession Number Koha item type
      KAUAET KAUAET 03/03/2018 631.7 JOS/ST 17784 Project Report
free website counter